00850 2200289 4500001002100000005001500021035002500036007000300061008004100064020002200105040001700127082001700144084002300161100002900184245008500213250002600298260003300324300004500357650003200402700002000434850001200454090002300466090002100489041000800510999002100518990002100539INLIS00000000002589820190805084827 a0010-031700000000008ta170301s2017 yoia gr p ind d a978-602-291-286-6 aYOPDYOGbind04223a899.2211 aDEP 899.2211 Emh S0 aEmha Ainun Nadjib, 1953- aSesobek buku harian Indonesia /cEmha Ainun Nadjib ; penyunting, Adham T. Fusuma aCetakan pertama, 20173 aYogyakarta :bBentang,c2017 aviii, 122 halaman :bilustrasi ;c21 cm. 4aPuisi Indonesia--xKumpulan0 aAdham T. Fusuma aYOPDYOG aDEP 899.2211 Emh S aCB-D.11 2017-0790 aind aCB-D.11/2017-079 aCB-D.11/2017-079